[Event "Oberliga Wuerttemberg 2122"]
[Site "Wuerttemberg"]
[Date "2022.04.24"]
[Round "5.8"]
[White "Brenner, Markus"]
[Black "Wolf, Walter"]
[Result "0-1"]
[WhiteElo "2082"]
[BlackElo "2066"]
[PlyCount "84"]
[EventDate "2021.09.19"]
[EventType "team-tourn"]
[EventRounds "9"]
[EventCountry "GER"]
[SourceTitle "EXT 2023"]
[Source "ChessBase"]
[SourceDate "2022.10.05"]
[SourceVersion "1"]
[SourceVersionDate "2022.10.05"]
[SourceQuality "1"]
[WhiteTeam "Deizisau II"]
[BlackTeam "Stuttgart SF II"]
[WhiteTeamCountry "GER"]
[BlackTeamCountry "GER"]

1. e4 e5 2. Nf3 Nc6 3. d4 exd4 4. Bc4 Nf6 5. e5 d5 6. Bb5 Ne4 7. Nxd4 Bd7 8. Bxc6 bxc6 9. 0-0 Bc5 10. f3 Ng5 11. f4 Ne4 12. Be3 Bb6 13. Nc3 Nxc3 14. bxc3 Qe7 15. Qd2 0-0 16. a4 f6 17. a5 Bc5 18. Nb3 Bxe3+ 19. Qxe3 fxe5 20. fxe5 Bf5 21. Nd4 Bd7 22. Nb3 Rf5 23. Rae1 Rxf1+ 24. Rxf1 a6 25. Nc5 Be6 26. h3 h6 27. Rf2 Qe8 28. Qd3 Qe7 29. Qe3 Rb8 30. Nxa6 Rb5 31. Qa7 Rxa5 32. Qxc7 Ra1+ 33. Kh2 Qg5 34. Nc5 Bxh3 35. Qf7+ Kh7 36. Qf4 Qg6 37. Qg3 Rh1+ 38. Kxh1 Qxg3 39. Nd3 Bg4 40. Rf7 Bh5 41. Rc7 Bg6 42. Rxc6 Be4 0-1

[Event "Oberliga Wuerttemberg 2122"]
[Site "Wuerttemberg"]
[Date "2022.04.10"]
[Round "8.7"]
[White "Brenner, Markus"]
[Black "Mierzwa, Robert"]
[Result "1-0"]
[WhiteElo "2082"]
[BlackElo "1960"]
[PlyCount "127"]
[EventDate "2021.09.19"]
[EventType "team-tourn"]
[EventRounds "9"]
[EventCountry "GER"]
[SourceTitle "EXT 2023"]
[Source "ChessBase"]
[SourceDate "2022.10.05"]
[SourceVersion "1"]
[SourceVersionDate "2022.10.05"]
[SourceQuality "1"]
[WhiteTeam "Deizisau II"]
[BlackTeam "Ulm Weisse Dame"]
[WhiteTeamCountry "GER"]
[BlackTeamCountry "GER"]

1. e4 c5 2. d4 cxd4 3. c3 Nf6 4. e5 Nd5 5. Qxd4 e6 6. Nf3 Nc6 7. Qe4 d6 8. Bb5 Bd7 9. c4 Ndb4 10. a3 d5 11. Qe2 Qa5 12. Bd2 dxc4 13. Qxc4 Rc8 14. 0-0 a6 15. Bxc6 Rxc6 16. Bxb4 Qa4 17. Qd4 Bxb4 18. Qxb4 Qxb4 19. axb4 Rb6 20. Rd1 Rxb4 21. Rd2 Ke7 22. Nc3 Rc8 23. Rad1 Rc7 24. Nd4 a5 25. Rc1 Rbc4 26. Rdd1 Ba4 27. Rd2 Be8 28. Ra1 a4 29. f4 R7c5 30. Kf2 f6 31. exf6+ gxf6 32. g3 b5 33. Ke3 Bd7 34. Ne4 Rc8 35. Ne2 Ra8 36. Nxf6 Bc6 37. Ng4 Re4+ 38. Kf2 b4 39. Ne5 Bb5 40. Kf3 Rxe2 41. Rxe2 Bxe2+ 42. Kxe2 Kd6 43. Kd3 Kd5 44. Nc4 Kc5 45. Ne5 Kd5 46. Kd2 Kd4 47. Rc1 Kd5 48. Nc6 b3 49. Nb4+ Kd4 50. Nc6+ Kd5 51. Ne5 Ra7 52. Kd3 h5 53. Nc4 h4 54. Ra1 hxg3 55. hxg3 Kc5 56. Nd2 Kb4 57. Ne4 Rd7+ 58. Ke3 Rc7 59. Nc3 Rxc3+ 60. bxc3+ Kb5 61. Kd3 b2 62. Rb1 a3 63. Rxb2+ axb2 64. Kc2 1-0

[Event "Oberliga Wuerttemberg 2122"]
[Site "Wuerttemberg"]
[Date "2021.10.31"]
[Round "2.8"]
[White "Scheeff, Volker"]
[Black "Brenner, Markus"]
[Result "0-1"]
[WhiteElo "2092"]
[BlackElo "2078"]
[PlyCount "84"]
[EventDate "2021.09.19"]
[EventType "team-tourn"]
[EventRounds "9"]
[EventCountry "GER"]
[SourceTitle "EXT 2023"]
[Source "ChessBase"]
[SourceDate "2022.10.05"]
[SourceVersion "1"]
[SourceVersionDate "2022.10.05"]
[SourceQuality "1"]
[WhiteTeam "Schmiden/Cannstatt"]
[BlackTeam "Deizisau II"]
[WhiteTeamCountry "GER"]
[BlackTeamCountry "GER"]

1. e4 c5 2. Nf3 e6 3. d4 cxd4 4. Nxd4 Nc6 5. Nc3 Qc7 6. Be3 a6 7. Qf3 Ne5 8. Qg3 h5 9. Bg5 d6 10. f4 Ng6 11. 0-0-0 h4 12. Qf2 f6 13. f5 fxg5 14. fxg6 Nf6 15. Nf3 Ng4 16. Qd4 Qc5 17. Qxc5 dxc5 18. Rd2 Be7 19. h3 Ne3 20. e5 Rh6 21. Bd3 Nf5 22. Ne4 Rxg6 23. Nd6+ Kf8 24. Rhd1 g4 25. hxg4 Rxg4 26. Re1 Rb8 27. Bc4 Rg6 28. Kb1 b5 29. Bd3 Rg4 30. Be4 Ng3 31. Bc6 Rb6 32. Nh2 Rf4 33. Bf3 Bxd6 34. exd6 Rd4 35. Rxd4 cxd4 36. Ng4 Rxd6 37. Ne5 Nf5 38. Re4 Bb7 39. Rg4 Bxf3 40. Nxf3 d3 41. cxd3 Rxd3 42. Nxh4 Rd1+ 0-1

[Event "Oberliga Wuerttemberg 1920"]
[Site "Wuerttemberg"]
[Date "2020.02.16"]
[Round "7.8"]
[White "Kuebler, Marcus"]
[Black "Brenner, Markus"]
[Result "1/2-1/2"]
[WhiteElo "1970"]
[BlackElo "2030"]
[PlyCount "36"]
[EventDate "2019.09.15"]
[EventType "team-tourn"]
[EventRounds "9"]
[EventCountry "GER"]
[SourceTitle "EXT 2021"]
[Source "ChessBase"]
[SourceDate "2020.10.23"]
[SourceVersion "1"]
[SourceVersionDate "2020.10.23"]
[SourceQuality "1"]
[WhiteTeam "Schoenaich II"]
[BlackTeam "Deizisau"]
[WhiteTeamCountry "GER"]
[BlackTeamCountry "GER"]

1. d4 c5 2. d5 d6 3. e4 g6 4. Nc3 Bg7 5. Be2 Nf6 6. Nf3 0-0 7. 0-0 Na6 8. Nd2 Nc7 9. a4 b6 10. Kh1 Rb8 11. Nc4 a6 12. Bf3 Nd7 13. Bf4 Bb7 14. Bg4 Ba8 15. Bxd7 Qxd7 16. Qd2 b5 17. axb5 axb5 18. Ne3 Bb7 1/2-1/2

[Event "Oberliga Wuerttemberg 1819"]
[Site "Wuerttemberg"]
[Date "2018.11.11"]
[Round "3"]
[White "Brenner, Markus"]
[Black "Seyfried, Claus"]
[Result "0-1"]
[WhiteElo "2069"]
[BlackElo "2149"]
[PlyCount "66"]
[EventDate "2018.09.23"]
[EventType "team-tourn"]
[EventRounds "9"]
[EventCountry "GER"]
[SourceTitle "EXT 2020"]
[Source "ChessBase"]
[SourceDate "2019.10.17"]
[SourceVersion "1"]
[SourceVersionDate "2019.10.17"]
[SourceQuality "1"]
[WhiteTeam "Deizisau II"]
[BlackTeam "Stuttgart SF"]
[WhiteTeamCountry "GER"]
[BlackTeamCountry "GER"]

1. e4 e6 2. b3 d5 3. Bb2 dxe4 4. Nc3 Nf6 5. Qe2 Be7 6. 0-0-0 0-0 7. g4 Nc6 8. Nxe4 Nd4 9. Qd3 c5 10. h3 Bd7 11. Bg2 Qa5 12. Kb1 Nd5 13. c3 Nb5 14. Ne2 Na3+ 15. Ka1 Rfd8 16. Qg3 c4 17. b4 Qa4 18. Nf4 Rac8 19. Bxa3 Qxa3 20. Rb1 Rc6 21. Rb2 a5 22. b5 Rb6 23. Rhb1 Rc8 24. Bf1 Qa4 25. d3 Ba3 26. Rd2 Rxb5 27. dxc4 Rxb1+ 28. Kxb1 Nb6 29. g5 Bc6 30. Nf6+ Kh8 31. c5 Nc4 32. Bxc4 Qxc4 33. Qh4 Qf1+ 0-1

[Event "Oberliga Wuerttemberg 1112"]
[Site "Wuerttemberg"]
[Date "2012.04.15"]
[Round "9.7"]
[White "Brenner, Markus"]
[Black "Scheeff, Volker"]
[Result "0-1"]
[WhiteElo "2127"]
[BlackElo "2132"]
[PlyCount "60"]
[EventDate "2011.10.09"]
[EventType "team-tourn"]
[EventRounds "9"]
[EventCountry "GER"]
[SourceTitle "EXT 2019"]
[Source "ChessBase"]
[SourceDate "2018.10.10"]
[SourceVersion "1"]
[SourceVersionDate "2018.10.10"]
[SourceQuality "1"]
[WhiteTeam "Deizisau"]
[BlackTeam "Schmiden Cannstatt"]
[WhiteTeamCountry "GER"]
[BlackTeamCountry "GER"]

1. e4 e6 2. b3 d5 3. Bb2 dxe4 4. Nc3 Nf6 5. g4 Bd7 6. Bg2 Bc6 7. h3 h6 8. Nge2 Bc5 9. Ng3 Bd4 10. Qe2 Nbd7 11. Ngxe4 Nd5 12. Qc4 Nf4 13. Qxd4 e5 14. Qc4 Nxg2+ 15. Kf1 Nf4 16. Re1 Qe7 17. Rh2 0-0-0 18. Nb5 Kb8 19. a4 h5 20. g5 f5 21. gxf6 gxf6 22. d4 h4 23. Bc1 Rhg8 24. Bxf4 exf4 25. d5 Ne5 26. Qe2 Qg7 27. Ng3 hxg3 28. fxg3 fxg3 29. dxc6 gxh2 30. Qxh2 Nf3 0-1

[Event "Oberliga Wuerttemberg 1112"]
[Site "Wuerttemberg"]
[Date "2011.11.13"]
[Round "3.8"]
[White "Brenner, Markus"]
[Black "Braeuner, Uwe"]
[Result "1/2-1/2"]
[WhiteElo "2127"]
[BlackElo "2134"]
[PlyCount "92"]
[EventDate "2011.10.09"]
[EventType "team-tourn"]
[EventRounds "9"]
[EventCountry "GER"]
[SourceTitle "EXT 2019"]
[Source "ChessBase"]
[SourceDate "2018.10.10"]
[SourceVersion "1"]
[SourceVersionDate "2018.10.10"]
[SourceQuality "1"]
[WhiteTeam "Deizisau"]
[BlackTeam "Pfullingen"]
[WhiteTeamCountry "GER"]
[BlackTeamCountry "GER"]

1. e4 c5 2. d4 cxd4 3. c3 d3 4. Bxd3 d6 5. c4 g6 6. Nc3 Bg7 7. Nge2 Nc6 8. Be3 Nf6 9. h3 0-0 10. Rc1 Ne5 11. b3 Nxd3+ 12. Qxd3 Bd7 13. 0-0 a6 14. f3 Qa5 15. Rc2 b5 16. Nd5 Nxd5 17. cxd5 Rac8 18. Rfc1 Rxc2 19. Qxc2 h5 20. Qd2 Qxd2 21. Bxd2 Rc8 22. Rxc8+ Bxc8 23. Bb4 Bd7 24. Kf2 Kf8 25. Ke3 Ke8 26. Bc3 Bh6+ 27. Kd3 Kd8 28. Bd2 Bxd2 29. Kxd2 b4 30. h4 Kc7 31. Ke3 Kb6 32. Kd4 a5 33. Nf4 a4 34. Kc4 Ka5 35. Kd4 Kb5 36. g3 a3 37. Ke3 Kc5 38. Nd3+ Kb5 39. Nf4 Ka5 40. Kd4 Kb5 41. Ke3 Kb6 42. Nd3 Ka5 43. Nf4 Bb5 44. Kd4 Bd7 45. Kc4 Bb5+ 46. Kd4 Bd7 1/2-1/2

[Event "Oberliga Wuerttemberg 1112"]
[Site "Wuerttemberg"]
[Date "2011.10.23"]
[Round "2.8"]
[White "Weber, Rainer"]
[Black "Brenner, Markus"]
[Result "1/2-1/2"]
[WhiteElo "2174"]
[BlackElo "2127"]
[PlyCount "28"]
[EventDate "2011.10.09"]
[EventType "team-tourn"]
[EventRounds "9"]
[EventCountry "GER"]
[SourceTitle "EXT 2019"]
[Source "ChessBase"]
[SourceDate "2018.10.10"]
[SourceVersion "1"]
[SourceVersionDate "2018.10.10"]
[SourceQuality "1"]
[WhiteTeam "Ebersbach"]
[BlackTeam "Deizisau"]
[WhiteTeamCountry "GER"]
[BlackTeamCountry "GER"]

1. d4 Nf6 2. c4 e5 3. dxe5 Ng4 4. e4 Nxe5 5. f4 Ng6 6. Be3 Bb4+ 7. Nc3 Bxc3+ 8. bxc3 d6 9. Bd3 0-0 10. Nf3 Nc6 11. 0-0 Re8 12. Ng5 Nf8 13. Qh5 f6 14. Nf3 Be6 1/2-1/2

[Event "Oberliga Wuerttemberg 0910"]
[Site "Wuerttemberg"]
[Date "2010.03.07"]
[Round "7.6"]
[White "Schwarzburger, Lothar"]
[Black "Brenner, Markus"]
[Result "1/2-1/2"]
[WhiteElo "2126"]
[BlackElo "2089"]
[PlyCount "24"]
[EventDate "2009.10.11"]
[EventType "team-tourn"]
[EventRounds "9"]
[EventCountry "GER"]
[SourceTitle "EXT 2019"]
[Source "ChessBase"]
[SourceDate "2018.10.10"]
[SourceVersion "1"]
[SourceVersionDate "2018.10.10"]
[SourceQuality "1"]
[WhiteTeam "Stuttgart SF II"]
[BlackTeam "Deizisau"]
[WhiteTeamCountry "GER"]
[BlackTeamCountry "GER"]

1. e4 c5 2. Nf3 e6 3. c3 Nf6 4. d3 Nc6 5. Be2 d5 6. e5 Nd7 7. d4 Qb6 8. 0-0 Be7 9. b3 0-0 10. Bb2 f6 11. exf6 Nxf6 12. Nbd2 a5 1/2-1/2

[Event "Oberliga Wuerttemberg 0809"]
[Site "Wuerttemberg"]
[Date "2009.03.29"]
[Round "9.5"]
[White "Hoenick, Andreas"]
[Black "Brenner, Markus"]
[Result "1/2-1/2"]
[WhiteElo "2114"]
[BlackElo "2091"]
[PlyCount "22"]
[EventDate "2008.10.12"]
[EventType "team-tourn"]
[EventRounds "9"]
[EventCountry "GER"]
[SourceTitle "EXT 2019"]
[Source "ChessBase"]
[SourceDate "2018.10.10"]
[SourceVersion "1"]
[SourceVersionDate "2018.10.10"]
[SourceQuality "1"]
[WhiteTeam "Schwaebisch Gmuend"]
[BlackTeam "Deizisau"]
[WhiteTeamCountry "GER"]
[BlackTeamCountry "GER"]

1. d4 Nf6 2. c4 e5 3. dxe5 Ng4 4. Bf4 Bb4+ 5. Nd2 d6 6. exd6 Qf6 7. e3 g5 8. Bg3 h5 9. h4 Qxb2 10. Ngf3 gxh4 11. Bxh4 Bf5 1/2-1/2